000 02703nam a22002777a 4500
005 20251104125157.0
008 251030b ||||| |||| 00| 0 eng d
043 _aURS
245 _aEnergy Generation through Human-powered Lat Pull Down
_b/ Regalado, Jimuel V.... [et al.].
260 _cDecember 2024
300 _a86 leaves :
_c28 cm.
336 _2rdacontent
_atext
337 _2rdamedia
_aunmediated
338 _2rdacarrier
_avolume
502 _aThesis
_bBachelor of Science in Electrical Engineering
_cUniversity of Rizal System-Morong
_d2024
520 _aThis study focuses on the development of a sustainable energy generation system using a human-powered LAT pull-down mechanism. The system was designed to convert human motion into usable energy, integrating a solar charge controller and battery for continuous energy production. A series of materials such as metal bars, bike sprockets, and a magneto were utilized, replacing an initial alternator due to low RPM output. The system was tested and revised to address issues related to voltage stability, connectivity, and energy transfer. Through these revisions, stable power output was achieved, making the system a viable sustainable energy solution. The study aimed to assess the acceptability of the developed system in terms of functional stability, performance efficiency, usability, reliability, and maintainability. Respondents, consisting of 10 experts, evaluated the system using a survey instrument, which was validated by experts in the field. Findings showed that the system was strongly acceptable in all categories, with the highest ratings in maintainability with 4.73 mean and reliability with 3.85 mean. However, areas for improvement were identified in operational integrity and durability of components. Based on these findings, recommendations were made to enhance operational integrity, optimize energy conversion efficiency, improve durability through better materials, and establish clear maintenance protocols. The study supports the feasibility of human-powered energy generation systems and emphasizes the need for continual improvements based on user feedback and long-term performance evaluation.
700 _aRegalado, Jimuel V.
_eauthor
700 _aCabarrubias, Don Jefferson C.
_eauthor
700 _aMatienzo, Jann Vic B.
_eauthor
700 _aMelgar, Ferdimar S.
_eauthor
700 _aPaz, Paul Wilfred M.
_eauthor
700 _aHerrera, John Neil B.
_eDegree Supervisor
856 _3Online Request for Student Unpublished Works
_uhttps://forms.gle/7LqvGGkaDrUQqz429
856 _uhttps://drive.google.com/file/d/1HfNtKZPMEQL0cFJkI2H4tqmw4pYrD7S7/view?usp=drive_link
942 _2lcc
_cT
999 _c88645
_d88642